Первичные документы; Вып. 2; Расчетные документы. Договоры. Аналитические справки

Bibliografiske detaljer
Hovedforfatter: Власова В. М. Виктория Михайловна
Summary:Исключено из фонда НТБ ТПУ
Sprog:russisk
Udgivet: Москва, Финансы и статистика, 1994
Format: MixedMaterials Bog
KOHA link:https://koha.lib.tpu.ru/cgi-bin/koha/opac-detail.pl?biblionumber=28310

MARC

LEADER 00000nam0a2200000 4500
001 28310
005 20231030202755.0
010 |a 5279012033 
035 |a (RuTPU)RU\TPU\book\28566 
035 |a BOOK00000291 
090 |a 28310 
100 |a 20011209d1994 m y0rusy50 ca 
101 0 |a rus 
102 |a RU 
105 |a a z 000zy 
200 1 |a Первичные документы  |f В. М. Власова  |h Вып. 2  |i Расчетные документы. Договоры. Аналитические справки 
210 |a Москва  |c Финансы и статистика  |d 1994 
215 |a 86 с. 
333 |a Исключено из фонда НТБ ТПУ 
700 1 |a Власова  |b В. М.  |g Виктория Михайловна 
801 0 |a RU  |b 63413507  |c 20011209  |g PSBO 
801 2 |a RU  |b 63413507  |c 20170307  |g PSBO 
942 |c BK